000 00470nam a22001457a 4500
027 _qHard Cover.
040 _cSINES-NUST.
082 _a620.0011
_bTah
100 _aMuhammad Naveed Tahir.
_998273
245 _aBWB Configurations:
_bEfficacy of Active Flow Control in Suppression of wing Rock /
_cTahir, Muhammad Naveed
260 _aIslamabad:
_bSINES-NUST,
_c2022.
300 _a220 p. :
_bill. ;
_c35cm.
650 _xMS-System Engineering.
_981372
942 _2ddc
_cTHE
999 _c591246
_d591246